000 00589nam a2200229Ia 4500
003 OSt
005 20220924153332.0
006 a|||||r|||| 00| 0
007 ta
008 220923b |||||||| |||| 00| 0 guj d
024 _a347968
037 _cTextual
040 _aARTS
_cARTS
_bguj
041 _2guj
_aguj
082 _aO156,1M70x, J6
100 _aRawan Annatrai M.
_9228566
245 0 _aBhotadkarmi kavyasarita
260 _c1956
650 _aGUJRATI LITERATURE
942 _hO156,1M70x, J6
_cTEXL
_2CC
999 _c473209
_d473209